000 00480nam a2200181Ia 4500
005 20250508163932.0
008 008 250505s9999 xx 000 0 eng d
037 _aTextual
040 _aFEDL
_beng
_cFEDL
041 _aeng
_2eng
084 _a891.433, TAG
_qFEDL
100 _aTagore Rabindranath
245 0 _aGora
260 _aDelhi, India
_bMacmillan India Limited
_c2002
300 _a867p.
942 _cTEXL
_h891.433, TAG
999 _c1386168
_d1386168